Hydroizolačné a tepelno-hydroizolačné systémy a doplnky.

Uloženo v:
Podrobná bibliografie
Korporace: INDEX (Castel d ́Azzano, Taliansko) (Autor), D.C.S.I. (Martin, Slovensko) (Sestavovatel, kompilátor)
Médium: Kniha
Jazyk:slovenština
Vydáno: [S.l.] : [s.n.], 2006
Vydání:[1. vyd.]
Témata:
On-line přístup: Získat plný text
Tagy: Přidat tag
Žádné tagy, Buďte první, kdo vytvoří štítek k tomuto záznamu!

MARC

LEADER 00000nam a2200000 4500
003 SK-BrCVT
005 20220617223647.0
008 100520s2010 xo e ||||||slo d
035 |a CVTIDW0000529 
040 |b slo  |a CVTI SR  |e AACR2 
041 0 |a slo 
044 |a xo 
080 |a 699.82  |2 UDC-MRF 
080 |a 699.86  |2 UDC-MRF 
110 2 |a INDEX (Castel d ́Azzano, Taliansko)  |4 aut 
245 1 0 |a Hydroizolačné a tepelno-hydroizolačné systémy a doplnky. 
250 |a [1. vyd.] 
260 |a [S.l.] :  |b [s.n.],  |c 2006 
300 |a [16 l.] :  |b obr., tab. ; 
653 1 |a hydroizolácia 
653 1 |a tepelná izolácia 
653 1 |a bitúmenový pás 
655 4 |a firemné katalógy 
710 2 |a D.C.S.I. (Martin, Slovensko)  |4 com 
856 4 |u http://www.index-spa.com 
910 |b F029915 
959 |a 6706 
974 |a agnesa.remenarova  |f Firemná literatúra 
992 |a FFK 
999 |c 155260  |d 155260